[Event "Bremen Silvester op"]
[Site "Bremen"]
[Date "2018.12.28"]
[Round "3"]
[White "Dettmann, Steffen"]
[Black "Bart, Simon"]
[Result "1-0"]
[WhiteElo "2201"]
[BlackElo "2072"]
[PlyCount "147"]
[EventDate "2018.12.27"]
[EventType "swiss"]
[EventRounds "7"]
[EventCountry "GER"]
[SourceTitle "CBM 188 Extra"]
[Source "ChessBase"]
[SourceDate "2019.02.26"]
[SourceVersion "1"]
[SourceVersionDate "2019.02.26"]
[SourceQuality "1"]

1. e4 c5 2. Nf3 d6 3. Be2 Nf6 4. d3 Nc6 5. 0-0 g6 6. c3 Bg7 7. d4 e5 8. dxe5 dxe5 9. Qc2 0-0 10. Na3 Qe7 11. Rd1 Bg4 12. h3 Bd7 13. Be3 h6 14. Rd2 Rac8 15. Rad1 Nd4 16. Qb1 Bc6 17. Nxd4 cxd4 18. cxd4 Nxe4 19. Rd3 Ba4 20. Re1 exd4 21. Bxd4 Qb4 22. Bxg7 Kxg7 23. b3 Bc6 24. Nc4 Qc5 25. Qb2+ Kg8 26. Bf3 Rfe8 27. Qd4 Qxd4 28. Rxd4 Ng5 29. Rxe8+ Rxe8 30. Bxc6 bxc6 31. Kf1 Ne6 32. Rd7 a6 33. Nd6 Rd8 34. Rxd8+ Nxd8 35. Ne4 Ne6 36. Nf6+ Kg7 37. Nd7 a5 38. Ne5 Nd4 39. Nc4 a4 40. bxa4 Kf6 41. a5 Ke6 42. a4 c5 43. a6 Nc6 44. Ke2 Kd5 45. Na5 Na7 46. Kd3 f5 47. Kc3 g5 48. Nc4 f4 49. f3 Nc8 50. a5 Na7 51. Nb6+ Kc6 52. Kc4 Nb5 53. Nc8 Na3+ 54. Kb3 Nb5 55. Ne7+ Kd6 56. Nf5+ Kc6 57. Nxh6 Nd6 58. Ka4 Kc7 59. Ng4 Kb8 60. Nf2 Nf5 61. Ne4 c4 62. Nxg5 Ne3 63. h4 c3 64. Kb3 c2 65. Kb2 Nxg2 66. h5 c1Q+ 67. Kxc1 Ka7 68. h6 Nh4 69. h7 Ng6 70. Nf7 Kxa6 71. h8Q Nxh8 72. Nxh8 Kxa5 73. Kd2 Kb4 74. Kd3 1-0

[Event "Bremen-ch op"]
[Site "Bremen"]
[Date "2014.04.19"]
[Round "9"]
[White "Bart, Simon"]
[Black "Maeder, Christian"]
[Result "1-0"]
[WhiteElo "2031"]
[BlackElo "1925"]
[PlyCount "79"]
[EventDate "2014.04.14"]
[EventType "swiss"]
[EventRounds "9"]
[EventCountry "GER"]
[SourceTitle "EXT 2018"]
[Source "ChessBase"]
[SourceDate "2017.10.13"]
[SourceVersion "1"]
[SourceVersionDate "2017.10.13"]
[SourceQuality "1"]

1. e4 e5 2. Nf3 Nc6 3. Bc4 Nf6 4. Ng5 d5 5. exd5 Na5 6. Bb5+ c6 7. dxc6 bxc6 8. Bd3 h6 9. Ne4 Nd5 10. Qh5 Qe7 11. b3 Nf4 12. Qf3 f5 13. Ng3 Qg5 14. h4 Qf6 15. Nc3 Bd6 16. 0-0 Nxd3 17. Qxd3 0-0 18. Nce4 fxe4 19. Nxe4 Qxh4 20. Nxd6 Rf4 21. Nxc8 Rxc8 22. Bb2 Qh5 23. Qa6 Rcf8 24. Qxa5 Rh4 25. f3 Rh1+ 26. Kf2 Rh2 27. Ke1 Rxg2 28. Qc3 e4 29. Qc4+ Kh8 30. Ba3 Rd8 31. fxe4 Qh4+ 32. Kd1 Rgxd2+ 33. Kc1 Qg5 34. Kb2 Qe5+ 35. Qc3 Qxe4 36. Bf8 Rg2 37. Rae1 Qg6 38. Re7 Rdd2 39. Bxg7+ Qxg7 40. Rxg7 1-0

[Event "BL2-Nord 1213"]
[Site "Germany"]
[Date "2013.04.14"]
[Round "9.6"]
[White "Muse, Drazen"]
[Black "Bart, Simon"]
[Result "1/2-1/2"]
[WhiteElo "2395"]
[BlackElo "2019"]
[PlyCount "120"]
[EventDate "2012.10.14"]
[EventType "team-tourn"]
[EventRounds "9"]
[EventCountry "GER"]
[SourceTitle "CBM 154 Extra"]
[Source "ChessBase"]
[SourceDate "2013.06.25"]
[SourceVersion "2"]
[SourceVersionDate "2013.06.25"]
[SourceQuality "1"]
[WhiteTeam "Berlin Koenig Tegel"]
[BlackTeam "Werder Bremen II"]
[WhiteTeamCountry "GER"]
[BlackTeamCountry "GER"]

1. c4 g6 2. d4 Nf6 3. Nc3 d5 4. cxd5 Nxd5 5. e4 Nxc3 6. bxc3 Bg7 7. Bc4 c5 8. Ne2 Nc6 9. Be3 0-0 10. f3 Qc7 11. Rc1 Rd8 12. Qa4 Bd7 13. Qa3 cxd4 14. cxd4 Qa5+ 15. Qxa5 Nxa5 16. Bd3 e6 17. Bg5 Rdc8 18. Kd2 b5 19. Be7 a6 20. h4 h5 21. g3 Nc6 22. Bc5 Be8 23. f4 Rd8 24. Ke3 Rab8 25. Rhd1 Bf8 26. Bxf8 Kxf8 27. Rc5 Nb4 28. Bb1 a5 29. Rc7 a4 30. a3 Nc6 31. d5 exd5 32. exd5 Na5 33. f5 Nc4+ 34. Ke4 Rbc8 35. Rxc8 Rxc8 36. fxg6 fxg6 37. Rd3 Bd7 38. Kd4 Ke7 39. Rc3 Rg8 40. Kc5 Rc8+ 41. Kb4 Rg8 42. Nd4 Kd6 43. Ba2 Rb8 44. Nc6 Bxc6 45. dxc6 Kxc6 46. Bxc4 bxc4+ 47. Kxc4 Kd6 48. Kd4 Rb5 49. Re3 g5 50. Kc4 Rf5 51. hxg5 Rxg5 52. Kb4 Rg4+ 53. Kb5 h4 54. Rd3+ Kc7 55. Rc3+ Kb7 56. gxh4 Rxh4 57. Rg3 Ka7 58. Rg7+ Kb8 59. Ka5 Ka8 60. Rg5 Kb7 1/2-1/2

[Event "Nord West Cup 15th"]
[Site "Bad Zwischenahn"]
[Date "2013.01.24"]
[Round "1"]
[White "Sumets, Andrey"]
[Black "Bart, Simon"]
[Result "1/2-1/2"]
[WhiteElo "2638"]
[BlackElo "2019"]
[PlyCount "66"]
[EventDate "2013.01.24"]
[EventType "swiss"]
[EventRounds "7"]
[EventCountry "GER"]
[SourceTitle "CBM 152 Extra"]
[Source "ChessBase"]
[SourceDate "2013.02.25"]
[SourceVersion "1"]
[SourceVersionDate "2013.02.25"]
[SourceQuality "1"]

1. d4 Nf6 2. c4 g6 3. Nc3 d5 4. Nf3 Bg7 5. Bf4 0-0 6. Rc1 c6 7. e3 Be6 8. Ng5 Bf5 9. Qb3 Qb6 10. Qxb6 axb6 11. cxd5 Nxd5 12. Nxd5 cxd5 13. a3 Nc6 14. Bb5 Rac8 15. 0-0 Rfd8 16. Nf3 Na7 17. Be2 Nc6 18. Rc3 f6 19. Rb3 e5 20. Bg3 exd4 21. exd4 Re8 22. Re1 Rxe2 23. Rxe2 Nxd4 24. Rbe3 Nxe2+ 25. Rxe2 Rc1+ 26. Re1 Bh6 27. Bd6 Kf7 28. Bb4 Be4 29. Nd4 f5 30. Rxc1 Bxc1 31. Bc3 Bf4 32. g3 Be5 33. f4 Bxd4+ 1/2-1/2

[Event "GER-chT Nord-West U20 1112"]
[Site "Germany"]
[Date "2012.05.12"]
[Round "8.1"]
[White "Bart, Simon"]
[Black "Colpe, Malte"]
[Result "1-0"]
[WhiteElo "2019"]
[BlackElo "2186"]
[PlyCount "61"]
[EventDate "2011.09.24"]
[EventType "team-tourn"]
[EventRounds "9"]
[EventCountry "GER"]
[SourceTitle "EXT 2015"]
[Source "ChessBase"]
[SourceDate "2014.11.20"]
[SourceVersion "1"]
[SourceVersionDate "2014.11.20"]
[SourceQuality "1"]

1. e4 c5 2. Nf3 d6 3. d4 cxd4 4. Nxd4 Nf6 5. Nc3 a6 6. Bg5 e6 7. Be2 Be7 8. Qd2 Nbd7 9. 0-0-0 Qc7 10. f4 h6 11. Bxf6 Nxf6 12. Bf3 Rb8 13. g4 g5 14. f5 Qc4 15. Be2 Qc5 16. h4 gxh4 17. Rxh4 Nh7 18. Rxh6 Bg5 19. Qxg5 Nxg5 20. Rxh8+ Ke7 21. Kb1 Qe5 22. Rh5 Qf6 23. fxe6 Bxe6 24. Nf5+ Ke8 25. Rxd6 Kf8 26. Nd5 Qe5 27. Rxg5 Bxf5 28. Rh6 Qd4 29. gxf5 Ke8 30. Rd6 Kf8 31. Rg8+ 1-0

[Event "Bremen-ch op"]
[Site "Bremen"]
[Date "2012.04.04"]
[Round "6"]
[White "Bart, Simon"]
[Black "Hundack, Rolf"]
[Result "0-1"]
[WhiteElo "2002"]
[BlackElo "2150"]
[PlyCount "146"]
[EventDate "2012.03.31"]
[EventType "swiss"]
[EventRounds "9"]
[EventCountry "GER"]
[SourceTitle "EXT 2022"]
[Source "ChessBase"]
[SourceDate "2021.10.06"]
[SourceVersion "1"]
[SourceVersionDate "2021.10.06"]
[SourceQuality "1"]

1. e4 e5 2. Nf3 Nc6 3. d4 exd4 4. Nxd4 Nf6 5. Nc3 d6 6. Be2 Be7 7. Be3 0-0 8. h3 Bd7 9. Qd2 Nxd4 10. Bxd4 b5 11. 0-0 b4 12. Nd5 Re8 13. Bf3 Nxd5 14. exd5 a5 15. a3 Bg5 16. Qd3 Rb8 17. axb4 axb4 18. c4 Bf4 19. Rfe1 Qg5 20. Be4 h5 21. Be3 f5 22. Bxf4 Qxf4 23. Bf3 g6 24. g3 Qh6 25. Qd4 f4 26. Kg2 fxg3 27. fxg3 Qg5 28. Re4 Rxe4 29. Bxe4 h4 30. Qd3 Kg7 31. Ra7 Rf8 32. Rxc7 Rf7 33. Kh2 Qe5 34. Bg2 Qxb2 35. gxh4 Qe5+ 36. Kg1 Qe1+ 37. Kh2 Qxh4 38. c5 Qf4+ 39. Qg3 Qxg3+ 40. Kxg3 dxc5 41. Rxc5 b3 42. Rc3 Ba4 43. Rc4 Ra7 44. Rb4 Kf6 45. Kf4 g5+ 46. Ke4 Re7+ 47. Kd3 Re1 48. Kd2 Ra1 49. Be4 Ke5 50. Kc3 Kd6 51. Rb6+ Kc5 52. Rg6 Rc1+ 53. Kb2 Re1 54. Bf5 Re2+ 55. Kc3 Re3+ 56. Kb2 Rg3 57. h4 gxh4 58. Rxg3 hxg3 59. Be4 Kc4 60. Bg2 Bd7 61. Bh1 Bh3 62. d6 Be6 63. Bg2 Bd7 64. Bh1 Ba4 65. Bg2 Kc5 66. d7 Bxd7 67. Kxb3 Kd4 68. Kc2 Ke3 69. Kc3 Kf2 70. Bh1 Bg4 71. Be4 Bf3 72. Bxf3 Kxf3 73. Kd3 g2 0-1

[Event "Bremen-ch op"]
[Site "Bremen"]
[Date "2012.04.01"]
[Round "3"]
[White "Brehm, Stefan"]
[Black "Bart, Simon"]
[Result "1/2-1/2"]
[WhiteElo "1763"]
[BlackElo "2002"]
[PlyCount "116"]
[EventDate "2012.03.31"]
[EventType "swiss"]
[EventRounds "9"]
[EventCountry "GER"]
[SourceTitle "EXT 2022"]
[Source "ChessBase"]
[SourceDate "2021.10.06"]
[SourceVersion "1"]
[SourceVersionDate "2021.10.06"]
[SourceQuality "1"]

1. d4 d5 2. Bf4 Nf6 3. e3 c6 4. c3 e6 5. Nd2 Be7 6. Bd3 Nbd7 7. Ngf3 0-0 8. Ne5 Ne8 9. h4 f5 10. g4 Nef6 11. f3 fxg4 12. fxg4 Nxe5 13. Bxe5 Ne4 14. Nf3 Bd7 15. Qe2 c5 16. g5 Qa5 17. Bxe4 dxe4 18. Nd2 Rf5 19. Nc4 Qa6 20. Nd6 Qxe2+ 21. Kxe2 Bxd6 22. Bxd6 Bb5+ 23. Ke1 cxd4 24. cxd4 Rf3 25. Bf4 Re8 26. Rd1 Bd3 27. Rd2 b5 28. a3 a5 29. h5 b4 30. axb4 axb4 31. h6 g6 32. Kd1 Ra8 33. Ke1 Ra1+ 34. Rd1 Ra2 35. Rxd3 exd3 36. Kd2 Rxb2+ 37. Kxd3 Rff2 38. Rc1 Rfd2+ 39. Ke4 Rdc2 40. Ra1 Ra2 41. Rb1 Ra7 42. Bd6 Rc6 43. Ke5 Ra5+ 44. Bc5 Rb5 45. Rf1 Rb8 46. Bd6 Rd8 47. Bxb4 Rd5+ 48. Ke4 Rf5 49. Ra1 Rc8 50. Be7 Rf7 51. Bf6 Rb7 52. Ra6 Kf7 53. Ke5 Rb5+ 54. Ke4 Rb7 55. Ke5 Re8 56. Rc6 Ra8 57. Kd6 Rab8 58. Ke5 Rd7 1/2-1/2

[Event "Bremen-ch op"]
[Site "Delmenhorst"]
[Date "2011.04.23"]
[Round "5"]
[White "Bart, Simon"]
[Black "Hundack, Rolf"]
[Result "1-0"]
[WhiteElo "1942"]
[BlackElo "2153"]
[PlyCount "95"]
[EventDate "2011.04.16"]
[EventType "swiss"]
[EventRounds "9"]
[EventCountry "GER"]
[SourceTitle "EXT 2012"]
[Source "ChessBase"]
[SourceDate "2011.11.24"]
[SourceVersion "1"]
[SourceVersionDate "2011.11.24"]
[SourceQuality "1"]

1. e4 e5 2. Nf3 Nc6 3. Bb5 g6 4. d3 Bg7 5. Bg5 Nge7 6. Nc3 f6 7. Be3 d6 8. Qd2 Be6 9. d4 exd4 10. Nxd4 Bf7 11. 0-0 0-0 12. Rad1 Ne5 13. f4 Ng4 14. f5 Nxe3 15. Qxe3 c6 16. Ba4 b5 17. Bb3 Qb6 18. Qf2 d5 19. exd5 Nxd5 20. Nxd5 cxd5 21. Ne6 Bxe6 22. Qxb6 axb6 23. fxe6 Rfe8 24. Rxd5 Bf8 25. Rxf6 Bc5+ 26. Kf1 Rf8 27. Rf3 Kg7 28. Rd7+ Kh6 29. Ke2 Rxf3 30. gxf3 Rh8 31. Kd3 Kh5 32. c3 Kh4 33. Bd5 Re8 34. Rxh7+ Kg5 35. Ke4 Re7 36. Rh8 Kf6 37. Rf8+ Kg5 38. f4+ Kh6 39. Rd8 Kg7 40. b4 Bf2 41. Ke5 Bh4 42. Rb8 Rc7 43. Rxb6 Rxc3 44. Rb7+ Kf8 45. Kd6 Rd3 46. Rf7+ Ke8 47. Rh7 Bf6 48. Ra7 1-0

[Event "Bremen-ch op"]
[Site "Bremen"]
[Date "2010.04.03"]
[Round "9"]
[White "Bart, Simon"]
[Black "Peters, Frank"]
[Result "0-1"]
[WhiteElo "1979"]
[BlackElo "2156"]
[PlyCount "76"]
[EventDate "2010.03.27"]
[EventType "swiss"]
[EventRounds "9"]
[EventCountry "GER"]
[SourceTitle "EXT 2022"]
[Source "ChessBase"]
[SourceDate "2021.10.06"]
[SourceVersion "1"]
[SourceVersionDate "2021.10.06"]
[SourceQuality "1"]

1. e4 g6 2. d4 Bg7 3. Nc3 c6 4. g3 d6 5. Bg2 Nf6 6. Nge2 0-0 7. h3 e5 8. 0-0 Nbd7 9. Be3 Qe7 10. Qd2 Re8 11. f4 exd4 12. Bxd4 Nc5 13. Rae1 Ne6 14. Be3 Nc7 15. g4 d5 16. e5 Nd7 17. Ng3 Qb4 18. a3 Qe7 19. Kh1 Nb6 20. Qf2 Nc4 21. Bc5 Qh4 22. b3 b6 23. bxc4 bxc5 24. Kg1 Ba6 25. Qf3 Bxc4 26. Rf2 f6 27. f5 fxe5 28. fxg6 hxg6 29. Qf7+ Kh7 30. Nge4 dxe4 31. Qxc4 Rf8 32. Nxe4 Rxf2 33. Nxf2 e4 34. Rxe4 Rf8 35. Qxc5 Nd5 36. c4 Nf4 37. Re7 Qg3 38. Qxa7 Qxg2# 0-1

[Event "GER-ch U25 op"]
[Site "Willingen"]
[Date "2009.06.04"]
[Round "7"]
[White "Hoepfner, Tim"]
[Black "Bart, Simon"]
[Result "1/2-1/2"]
[WhiteElo "1824"]
[BlackElo "1988"]
[PlyCount "68"]
[EventDate "2009.05.30"]
[EventType "swiss"]
[EventRounds "9"]
[EventCountry "GER"]
[SourceTitle "EXT 2010"]
[Source "ChessBase"]
[SourceDate "2010.11.25"]
[SourceVersion "1"]
[SourceVersionDate "2010.11.25"]
[SourceQuality "1"]

1. d4 Nf6 2. c4 g6 3. Nc3 Bg7 4. e4 d6 5. f3 0-0 6. Be3 Nc6 7. Nge2 a6 8. Nc1 e5 9. d5 Nd4 10. N1e2 c5 11. dxc6 Nxc6 12. Qd2 Rb8 13. Rd1 Be6 14. Nd5 b5 15. Nec3 Nd4 16. b3 Qa5 17. Bd3 bxc4 18. Bxc4 Bxd5 19. Nxd5 Qxd2+ 20. Rxd2 Nxd5 21. Bxd5 Rfc8 22. Bc4 Kf8 23. 0-0 a5 24. f4 Rc7 25. f5 gxf5 26. exf5 Bf6 27. g4 a4 28. g5 axb3 29. axb3 Nxb3 30. Bxb3 Rxb3 31. gxf6 Rxe3 32. Rxd6 Ke8 33. Rfd1 Rc8 34. Rd7 Re2 1/2-1/2